000 005210000a22001570004500
090 _aAR
_b00942
245 1 0 _aCueva de Cunday: estudio espeleológico preliminar de esta caverna tolimense
650 1 4 _aEspeleología
_94156
650 1 4 _aCavernas
_993465
650 1 4 _aGeología
_993001
651 4 _lCueva de Cunday
_dTolima
_pColombia
_992749
041 0 _aEspañol
100 1 _aCabrera Ortiz, Wenceslao
_924838
942 _cARTICULO
773 1 _tBoletín de la Sociedad Geográfica de Colombia
_3190
_h101
_q17-28
_d1970
_g27
999 _c10030
_d10030